Психолінгвістичні особливості активізації діалогічного мовлення на уроках англійської мови дітей старшого шкілького віку (Запис № 284896)

МАРК-запис
000 -LEADER
fixed length control field 02160nam a22001577a 4500
041 ## - LANGUAGE CODE
Language code of text/sound track or separate title ukr
080 ## - UNIVERSAL DECIMAL CLASSIFICATION NUMBER
Universal Decimal Classification number 09
090 ## - LOCALLY ASSIGNED LC-TYPE CALL NUMBER (OCLC); LOCAL CALL NUMBER (OCLC)
Local cutter number (OCLC) ; Book number/undivided call number, CALL (RLIN) ПОП
100 ## - MAIN ENTRY--PERSONAL NAME
Personal name Попчук М. А.
245 ## - TITLE STATEMENT
Title Психолінгвістичні особливості активізації діалогічного мовлення на уроках англійської мови дітей старшого шкілького віку
260 ## - PUBLICATION, DISTRIBUTION, ETC. (IMPRINT)
Place of publication, distribution, etc Острог
Name of publisher, distributor, etc КАФ
Date of publication, distribution, etc 2012
300 ## - PHYSICAL DESCRIPTION
Extent 84
520 ## - SUMMARY, ETC.
Summary, etc РОЗДІЛ 1. ТЕОРЕТИЧНІ АСПЕКТИ ОСОБЛИВОСТЕЙ ДІАЛОГІЧНОГО МОВЛЕННЯ.<br/>1.1. Комунікативний підхід у розвитку діалогічного мовлення.<br/>1.2. Суть і характеристика діалогічного мовлення.<br/>1.3. Специфіка навчання діалогічного мовлення.<br/>1.4. Психологічні фактори у навчанні діалогічного мовлення учнів старших класів.<br/>1.5. Система знань, необхідних школяру для розвитку у нього навиків діалогу.<br/>РОЗДІЛ 2. МЕТОДИЧНІ ЗАСАДИ ПСИХОЛІНГВІСТИЧНИХ ОСОБЛИВОСТЕЙ АКТИВІЗАЦІЇ ДІАЛОГІЧНОГО МОВЛЕННЯ.<br/>2.1. Психолінгвістичні особливості діалогічного мовлення.<br/>2.2. Роль ситуативності у навчанні діалогічного мовлення.<br/>2.3. Психолінгвістичні аспекти формування діалогу як компоненту іншомовного навчання.<br/>2.4. Особливості формування знань, умінь і навиків для навчання діалогічному мовленню в англійскій мові.<br/>2.5. Екпериментальне дослідження особливостей діалогічного мовлення учнів старших класів.
-- діалогічного мовлення
650 ## - SUBJECT ADDED ENTRY--TOPICAL TERM
Topical term or geographic name as entry element Research Papers
942 ## - ADDED ENTRY ELEMENTS (KOHA)
Koha item type Книги
Фонди
Withdrawn status Lost status Source of classification or shelving scheme Damaged status Not for loan Home library Current library Date acquired Source of acquisition Cost, normal purchase price Total Checkouts Full call number Barcode Date last seen Price effective from Koha item type
    Universal Decimal Classification     ВІЛ - Відділ іноземн. літератури НБ ВІЛ - Відділ іноземн. літератури НБ 17/09/2012 Акт №4 1.00   09 214909 09/11/2021 17/09/2012 Книги